Căn bản tiếng Anh trong quản trị kinh doanh = Basic English for business management /

Cuốn sách trình bày những điểm chính của văn phạm Anh ngữ đồng thời hướng dẫn học viên về hình thức giao tiếp bằng văn bản và bằng lời nói như cách viết thư tín thương mại, viết báo cáo, phúc trình....

Bewaard in:
Bibliografische gegevens
Hoofdauteur: Phạm Phương Duyên.
Andere auteurs: Bùi Tuyết Khanh.
Formaat: Boek
Taal:English
Vietnamese
Gepubliceerd in: Tp.HCM : Thống kê, 2000.
Onderwerpen:
Tags: Voeg label toe
Geen labels, Wees de eerste die dit record labelt!
Thư viện lưu trữ: Mạng thư viện Đại học Đà Nẵng
LEADER 01356cam a2200385 i 4500
001 000047084
003 6617
005 20030915091728.0
008 010220b2000 vm 000 eng
020 |c 40000 
022 |a T 
040 |a IRC  |c IRC  |d IRC 
041 0 |a eng  |a vie 
082 1 4 |a 420  |b PH-D 
100 1 |a Phạm Phương Duyên. 
245 0 0 |a Căn bản tiếng Anh trong quản trị kinh doanh =  |b Basic English for business management /  |c Phạm Phương Duyên, Bùi Tuyết Khanh. 
246 0 1 |a Basic English for business management. 
260 |a Tp.HCM :  |b Thống kê,  |c 2000. 
300 |a 492tr. ;  |c 20cm. 
520 3 |a Cuốn sách trình bày những điểm chính của văn phạm Anh ngữ đồng thời hướng dẫn học viên về hình thức giao tiếp bằng văn bản và bằng lời nói như cách viết thư tín thương mại, viết báo cáo, phúc trình.... 
630 0 4 |a Quản trị kinh doanh. 
630 0 4 |a Anh ngữ. 
650 0 4 |a Anh ngữ  |x Quản trị kinh doanh. 
650 0 4 |a English language  |x Business English. 
700 1 |a Bùi Tuyết Khanh. 
OWN |a DUT 
999 |a From the UDN01 
TYP |a Monograph 
TYP |a Printed language 
980 |a Mạng thư viện Đại học Đà Nẵng